<?xml version="1.0" encoding="UTF-8"?>
<record
    xmlns:xsi="http://www.w3.org/2001/XMLSchema-instance"
    xsi:schemaLocation="http://www.loc.gov/MARC21/slim http://www.loc.gov/standards/marcxml/schema/MARC21slim.xsd"
    xmlns="http://www.loc.gov/MARC21/slim">

  <leader>03784cam a22003495a 4500</leader>
  <controlfield tag="001">17850572</controlfield>
  <controlfield tag="005">20160210113754.0</controlfield>
  <controlfield tag="008">130813s2014    nyua   frb   f001 0 eng d</controlfield>
  <datafield tag="020" ind1=" " ind2=" ">
    <subfield code="a">052117662X</subfield>
  </datafield>
  <datafield tag="020" ind1=" " ind2=" ">
    <subfield code="a">9780521176620 </subfield>
  </datafield>
  <datafield tag="040" ind1=" " ind2=" ">
    <subfield code="a">DLC</subfield>
    <subfield code="b">eng</subfield>
    <subfield code="c">DLC</subfield>
    <subfield code="d">EG-ScBUE </subfield>
  </datafield>
  <datafield tag="082" ind1="0" ind2="4">
    <subfield code="a">355.0218</subfield>
    <subfield code="2">23</subfield>
    <subfield code="b">CRA</subfield>
  </datafield>
  <datafield tag="100" ind1="1" ind2=" ">
    <subfield code="a">Crandall, Russell,</subfield>
    <subfield code="d">1971-</subfield>
    <subfield code="9">39219</subfield>
  </datafield>
  <datafield tag="245" ind1="1" ind2="0">
    <subfield code="a">America's dirty wars :</subfield>
    <subfield code="b">irregular warfare from 1776 to the War on Terror /</subfield>
    <subfield code="c">Russell Crandall.</subfield>
  </datafield>
  <datafield tag="260" ind1=" " ind2=" ">
    <subfield code="a">New York :</subfield>
    <subfield code="b">Cambridge University Press,</subfield>
    <subfield code="c">2014.</subfield>
  </datafield>
  <datafield tag="300" ind1=" " ind2=" ">
    <subfield code="a">xiii, 583 p. :</subfield>
    <subfield code="b">ill. ;</subfield>
    <subfield code="c">24 cm.</subfield>
  </datafield>
  <datafield tag="500" ind1=" " ind2=" ">
    <subfield code="a">Index : p. 547-583.</subfield>
  </datafield>
  <datafield tag="504" ind1=" " ind2=" ">
    <subfield code="a">Bibliography : p. 519-546.</subfield>
  </datafield>
  <datafield tag="505" ind1="8" ind2=" ">
    <subfield code="a">Machine generated contents note: 1. Introduction; 2. Irregular warfare 101; Part I. The American Revolution to Chasing Sandino, 1776-1930s: 3. The American Revolution; 4. Confederates and Indians; 5. Intermezzo: the Boer War; 6. America, Aguinaldo, and the Philippines, 1898; 7. Chasing Villa, 1916; 8. A cold winter in Siberia; 9. The Banana Wars, 1898-1930s; 10. Intermezzo: T. E. Lawrence and the Arab Revolt, 1916-18; 11. Chasing Sandino, 1927-32; Part II. The Cold War, 1940s-1989: 12. Cold War counterinsurgencies; 13. Intermezzo: Mao Zedong; 14. Fighting communism in Greece; 15. Intermezzo: France in Algeria, 1954-62; 16. Intermezzo: David Galula; 17. Intermezzo: Malaya emergency, 1948-60; 18. Ramon Magsaysay and the Hukbalahap Rebellion in the Philippines, 1946-56; 19. Vietnam; Part III. Latin America in the Cold War: 20. From Guatemala, 1954, to Cuba and the Bay of Pigs, 1961; 21. Guatemala, post-1963; 22. Cuba, post-1963; 23. Intermezzo: Che Guevara and guerrilla warfare; 24. Carter, Reagan, and the Sandinista Revolution in Nicaragua, 1979-90; 25. El Salvador, 1979-92: Part IV. Post-Cold War: 26. Dirty Wars after the Cold War; 27. Colombia; 28. Iraq; 29. Intermezzo: the Counterinsurgency Field Manual and post-modern insurgencies; 30. Post-9/11 COIN in the Philippines; 31. Intermezzo: Afghanistan, graveyard of empires; 32. The longest war: America in Afghanistan; 33. The fall of Muammar Qaddafi; 34. Intermezzo: JSOC raids and drone strikes; 35. Conclusion.</subfield>
  </datafield>
  <datafield tag="520" ind1=" " ind2=" ">
    <subfield code="a">"This book examines the long, complex experience of American involvement in irregular warfare. It begins with the American Revolution in 1776 and chronicles big and small irregular wars for the next two and a half centuries, ending with the recent conflicts in Iraq and Afghanistan. Russell Crandall describes the various ways that American political and military leaders have conducted these often poorly understood, publicly neglected, or intensely controversial conflicts. Contrary to what is often assumed, Crandall argues that the United States tends to win its dirty wars, but that this at times comes at the expense of its moral self-image in these inherently murky conflicts. This exploration of America's dirty wars is interspersed with short intermezzi chapters that chronicle the experiences of the same time period of other global powers such as Great Britain and France"--</subfield>
  </datafield>
  <datafield tag="650" ind1=" " ind2="7">
    <subfield code="a">Irregular warfare</subfield>
    <subfield code="z">United States</subfield>
    <subfield code="v">Case studies.</subfield>
    <subfield code="2">BUEsh</subfield>
    <subfield code="9">39228</subfield>
  </datafield>
  <datafield tag="650" ind1=" " ind2="7">
    <subfield code="a">Intervention (International law)  </subfield>
    <subfield code="x">Government policy  </subfield>
    <subfield code="z">United States.</subfield>
    <subfield code="2">BUEsh</subfield>
    <subfield code="9">39229</subfield>
  </datafield>
  <datafield tag="650" ind1=" " ind2="7">
    <subfield code="a">Counterinsurgency</subfield>
    <subfield code="z">United States  </subfield>
    <subfield code="v">Case studies.</subfield>
    <subfield code="2">BUEsh</subfield>
    <subfield code="9">39231</subfield>
  </datafield>
  <datafield tag="650" ind1=" " ind2="7">
    <subfield code="a">Insurgency</subfield>
    <subfield code="v">Case studies.</subfield>
    <subfield code="2">BUEsh</subfield>
    <subfield code="9">39232</subfield>
  </datafield>
  <datafield tag="650" ind1=" " ind2="7">
    <subfield code="a">Atrocities </subfield>
    <subfield code="v">Case studies.</subfield>
    <subfield code="2">BUEsh</subfield>
    <subfield code="9">39233</subfield>
  </datafield>
  <datafield tag="650" ind1=" " ind2="7">
    <subfield code="a">Strategic culture </subfield>
    <subfield code="z">United States.</subfield>
    <subfield code="2">BUEsh</subfield>
    <subfield code="9">39234</subfield>
  </datafield>
  <datafield tag="650" ind1=" " ind2="7">
    <subfield code="a">History</subfield>
    <subfield code="2">BUEsh</subfield>
    <subfield code="9">39235</subfield>
    <subfield code="z">United States</subfield>
    <subfield code="x">General.</subfield>
  </datafield>
  <datafield tag="651" ind1=" " ind2="0">
    <subfield code="a">United States </subfield>
    <subfield code="x">History, Military </subfield>
    <subfield code="v">Case studies.</subfield>
    <subfield code="2">BUEsh</subfield>
    <subfield code="9">39236</subfield>
  </datafield>
  <datafield tag="651" ind1=" " ind2="0">
    <subfield code="a">United States </subfield>
    <subfield code="x">Military policy </subfield>
    <subfield code="x">Moral and ethical aspects.</subfield>
    <subfield code="2">BUEsh</subfield>
    <subfield code="9">39238</subfield>
  </datafield>
  <datafield tag="653" ind1=" " ind2=" ">
    <subfield code="b">BUSBOL</subfield>
    <subfield code="c">February2016</subfield>
  </datafield>
  <datafield tag="942" ind1=" " ind2=" ">
    <subfield code="2">ddc</subfield>
    <subfield code="k">355.0218 CRA</subfield>
  </datafield>
  <datafield tag="999" ind1=" " ind2=" ">
    <subfield code="c">21123</subfield>
    <subfield code="d">21095</subfield>
  </datafield>
  <datafield tag="952" ind1=" " ind2=" ">
    <subfield code="0">0</subfield>
    <subfield code="1">0</subfield>
    <subfield code="2">ddc</subfield>
    <subfield code="4">0</subfield>
    <subfield code="7">0</subfield>
    <subfield code="8">Alahram</subfield>
    <subfield code="a">MAIN</subfield>
    <subfield code="b">MAIN</subfield>
    <subfield code="c">1ST</subfield>
    <subfield code="d">2016-02-02</subfield>
    <subfield code="e">Purchase</subfield>
    <subfield code="g">364.00</subfield>
    <subfield code="h">5</subfield>
    <subfield code="l">4</subfield>
    <subfield code="m">29</subfield>
    <subfield code="o">355.0218 CRA</subfield>
    <subfield code="p">000031479</subfield>
    <subfield code="r">2025-07-15 00:00:00</subfield>
    <subfield code="s">2022-11-22</subfield>
    <subfield code="v">455.00</subfield>
    <subfield code="y">BB</subfield>
  </datafield>
</record>
